Los cinco y el tesoro de la isla / (Registro nro. 11656)

Detalles MARC
000 -LIDER
fixed length control field 00855nam a22002777a 4500
001 - NÚMERO DE CONTROL
Identificador de número de control 000589
003 - IDENTIFICACDOR DE NÚMERO DE CONTROL
control field DO-SdBNP
005 - DATE AND TIME OF LATEST TRANSACTION
control field 20180118103019.0
007 - CAMPOS FIJOS DE DESCRIPCIÓN FÍSICA
fixed length control field 000589
008 - ELEMENTOS DE LONGITUD FIJA
fixed length control field 161021b 1985 sp a ||||| |||| 00| 0 spa d
020 ## - ISBN
Terms of availability 8426109950
040 ## - FUENTE DE CATALOGACIÓN
Agencia que crea de manera original el registro BPMSU
Idioma de catalogación spa
Agencia que realiza la transcripción BPMSU
082 ## - NÚMERO DE CLASIFICACIÓN DECIMAL DE DEWEY
Classification number xxxx
Item number xxxx
100 1# - ASIENTO PRINCIPAL -- NOMBRE PERSONAL
Nombre personal Blyton, Enid,
Fechas asociadas con el nombre 1897-1968
240 10 - TITULO UNIFORME
Título uniforme Five on a treasure island.
Idioma de una obra Español
245 10 - MENCIÓN DE TITULO
Título Los cinco y el tesoro de la isla /
Mención de responsabilidad Enid Blyton ; traducción de Juan Ríos de la Rosa.
250 ## - MENCIÓN DE EDICION
Mención de edición 14ª ed.
260 ## - PUBLICACIÓN, DISTRIBUCIÓN, ETC. (PIE DE IMPRENTA)
Lugar de publicación, distribución, etc Barcelona :
Nombre del editor, distribuidor, etc. Juventud,
Fecha de publicación, distribución, etc 1985.
300 ## - DESCRIPCIÓN FÍSICA
Extensión 160 p. :
Otros detalles físicos il. ;
Dimensiones 20 cm.
490 1# - MENCIÓN DE SERIES
Mención de serie Club de los cinco
Volume/sequential designation 22
700 1# - ASIENTO SECUNDARIO -- NOMBRE PERSONAL
Nombre personal Ríos de la Rosa, Juan,
Mención de responsabilidad tr.
830 #0 - ASIENTO SECUNDARIO DE SERIE--TÍTULO UNIFORME
Título uniforme Club de los cinco ;
Volume number/sequential designation 22
942 ## - ADDED ENTRY ELEMENTS (KOHA)
Source of classification or shelving scheme Dewey Decimal Classification
Koha item type Libros
945 ## - INFORMACIÓN DE PROCESAMIENTO LOCAL
Información de procesamiento local inventariado, 2018 / dg
956 ## - LOCAL ELECTRONIC LOCATION AND ACCESS (OCLC)
Método de acceso LOPEREZ
Materiales especificados 10
Enlace 20161021
Campo enlazado y núm. de secuencia BPMSU
Nombre de host 00041
Existencias
Withdrawn status Lost status Source of classification or shelving scheme Damaged status Not for loan Collection code Home library Current library Date acquired Source of acquisition Total Checkouts Full call number Barcode Date last seen Price effective from Koha item type
    Dewey Decimal Classification     Colección Juvenil General Biblioteca Pública Metropolitana Salomé Ureña Biblioteca Pública Metropolitana Salomé Ureña 10/21/2016 FUNDI   xxxx xxxx BPMSU16100332 10/21/2016 10/21/2016 Libros